La carga de la prueba en el pago por error. Un análisis del artículo 1273 del Código Civil (Registro nro. 22592)

000 -Cabecera
Campo de control interno 02168nam a2200277 4500
001 - Número de control
control field ESSALUD
005 - Fecha y hora de la última transacción
Campo de control 20260701112933.0
007 - Tipo material - Descripcion fisica - info general
Tipo material - Descripcion fisica - info general ta
008 - Elementos de Longitud Fija - Información General
Elementos de Longitud Fija - Información t pe ||||| |||| 00| 0 spa d
040 ## - Origen de la Catalogación
Origen de la Catalogación BMG
041 ## - Idioma
Idioma spa
100 ## - Autor
Autor Pineda Aubián, Martín
Rol del Autor Autor
9 (RLIN) 53040
245 ## - Titulo
Titulo La carga de la prueba en el pago por error. Un análisis del artículo 1273 del Código Civil
246 ## - Variante del Titulo
Titulo The burden of proof in payment by mistake. An analysis of article 1273 of the Civil Code
300 ## - Páginas
Paginación páginas 17-22
520 ## - Resumen
Resumen El autor analiza el régimen probatorio del pago por error bajo los alcances del artículo 1273 del Código Civil peruano. Así, comenta la importancia sustantiva y procesal de esta norma, examinando la regla general que atribuye la carga de la prueba al demandante y los supuestos excepcionales de inversión de dicha carga. Igualmente, estudia las situaciones en las que el demandado debe justificar la retención del pago para desvirtuar la pretensión de restitución, ofreciendo una visión integral sobre la dinámica probatoria en las controversias de enriquecimiento indebido.
520 ## - Resumen
Resumen The author analyzes the evidentiary regime of payment by mistake under the scope of Article 1273 of the Peruvian Civil Code. The study discusses the substantive and procedural significance of this provision, examining the general rule thot assigns the burden of proof to the plaintiff, as well as the exceptional circumstances involving the shifting of the burden of proof Furthermore, it explores the scenarios in which the defendant must justify the retention of the payment to rebut the claim far restitution, offering o comprehensive overview of the evidentiary dynamics in unjust enrichment disputes.
650 ## - Temas - Descriptores
Temas - Descriptores CARGA DE LA PRUEBA
9 (RLIN) 53041
650 ## - Temas - Descriptores
Temas - Descriptores PAGO POR ERROR
9 (RLIN) 53042
650 ## - Temas - Descriptores
Temas - Descriptores ENRIQUECIMIENTO INDEBIDO
9 (RLIN) 53043
650 ## - Temas - Descriptores
Temas - Descriptores BURDEN OF PROOF
9 (RLIN) 53044
650 ## - Temas - Descriptores
Temas - Descriptores PAYMENT BY MISTAKE
9 (RLIN) 53045
650 ## - Temas - Descriptores
Temas - Descriptores UNJUST ENRICHMENT
9 (RLIN) 53046
773 0# - Revista (Relacion con el numero)
Host Biblionumber 22573
Host Itemnumber 22621
Ciudad, Editorial Lima Grupo Praxis Formación Profesional, 2026-
Codigo barras item/ejemplar PRA002
Titulo de la Revista Praxis Civil & Procesal Civil
Número de control de registro ESSALUD
ISSN 3119-7671
942 ## - Elementos de Koha
Tipo de Documento Artículos
Fecha procesamiento 2026-07-01
Catalogador sqb

No hay ítems disponibles.